Personnages de films avec indices - Statistiques

Statistiques générales
  • Ce quiz a été pris 465 fois
  • Le résultat moyen est 15 sur 26
Statistiques - réponses
Lettre Description Personnage % Correct
B Fêtard et jovial, je considère la mer comme ma maison. Jamais sans ma planche de surf jaune, j'ai une répartie à toute épreuve et une chevelure blonde impeccable. Brice de Nice
94%
H J'aime les éclairs, mais beaucoup moins quand ils sont gravés sur mon visage. J'ai une baguette qui ne se mange pas, néanmoins elle est très utile contre mon pire ennemi, un chauve dont il ne faut surtout pas prononcer le nom. Harry Potter
84%
G Monstre d'origine japonaise, je suis gigantesque et mon dos est recouvert de pointes acérées. Très connu dans le monde entier, j'ai récemment combattu King Kong dans un film. Godzilla
79%
L Personnage de bande dessinée à l'origine, j'ai vu mes aventures adaptées au cinéma par la suite. Je vis au temps du Far West, où je passe beaucoup de temps à essayer d'arrêter un quatuor de bandits aux habits jaune et noir. J'aimais fumer des cigarettes, mais mon créateur a décidé de les remplacer par des brins d'herbe. Lucky Luke
75%
T Grand, musclé et viril, je connais la jungle comme ma poche. Je passe le plus le clair de mon temps dans les arbres ou à utiliser des lianes. Mon hurlement est connu dans le monde entier, d'ailleurs il n'a jamais effrayé mes prétendantes. Tarzan
75%
Z Mon nom, qui signifie ''renard'' en espagnol, est craint de tous les bandits. Vêtu de noir et armé d'une épée, je peux compter sur mon cheval et mon ami muet pour m'aider à rendre la justice. La maladresse régulière d'un certain sergent m'est aussi très utile. Zorro
75%
A Le désert et les robots faisaient partie de mon quotidien, avant que je remporte une course et que deux hommes sages me prennent sous leur aile. Devenu un chevalier talentueux, j'ai toutefois laissé ma haine me guider, ce qui m'a valu de porter un casque noir et une cape jusqu'à ma mort. Anakin Skywalker / Dark Vador
74%
P Pour être moi, mieux vaut ne pas être arachnophobe et ne pas craindre le vide. J'aime la pizza et prendre des photos pour gagner un peu d'argent, mais rien ne me fait plus plaisir que d'embrasser la fille de mes rêves en étant suspendu à l'envers, tout en portant un costume moulant rouge et bleu. Peter Parker
73%
R Je suis peut-être l'un des voleurs les plus connus du monde, et ma réputation n'est plus à faire. Je passe beaucoup de temps dans la forêt, et l'arc est mon arme de prédilection. J'ai notamment été incarné au cinéma par Russell Crowe. Robin des Bois
73%
M Sorcière diabolique de l'univers Disney, je suis vêtue de noir et j'arbore deux cornes pointues sur ma tête. Angelina Jolie m'a incarnée au cinéma en 2014. Maléfique
72%
W Entre la vanille et le chocolat, mon choix est fait depuis longtemps. Je ne me sépare jamais de mon chapeau, et je n'hésite pas à faire visiter mon usine aux heureux élus qui reçoivent mes tickets d'or. Willy Wonka
71%
V Sous ma forme d'origine, je suis un liquide noir et visqueux. Une fois que j'ai trouvé un hôte, je ne fais qu'un avec lui, et je deviens alors une créature très puissante avec une longue langue. On m'appelle aussi ''symbiote''. Venom
64%
N Informaticien de profession, j'ai été approché par un homme m'ayant donné le choix entre deux étranges pilules. J'en ai avalé une, et j'ai compris que je vivais dans une réalité artificielle, fabriquée par des machines. J'adore éviter les balles en faisant des acrobaties, et une femme qui conduit une moto et porte des tenues moulantes me fait de l'effet. Neo
61%
D Capitaine d'un navire maudit, j'ai la particularité d'avoir le coeur enfermé à clé dans un coffre. Mon visage gluant inspire la peur, mais pas autant que le Kraken que je suis capable d'invoquer pour me prêter main forte. Davy Jones
57%
U Androïde aux yeux rouges, je suis doté d'une grande intelligence et d'une armure très résistante. J'ai donné du fil à retordre aux Avengers, et mon nom rime avec ''neutron''. Ultron
57%
Y Ma façon particulière de m'exprimer me rend reconnaissable entre mille. Ma petite taille n'a jamais été un problème pour vaincre mes ennemis, d'autant que je suis aussi sage que courageux. La couleur verte est un autre de mes signes distinctifs. Yoda
50%
F Je ne suis pas très grand, mais cela ne m'empêche pas d'avoir sauvé le monde. J'aime beaucoup les anneaux, surtout quand ils sont Uniques, et mon meilleur ami est aussi mon jardinier. Frodon Sacquet
48%
K Vivant dans un monde dystopique, je me suis portée volontaire à la place de ma soeur pour participer à un jeu mortel. J'y ai survécu parce que j'ai plusieurs cordes à mon arc, et parce que j'ai gagné le soutien du peuple en levant plusieurs doigts en l'air et en devenant un Geai Moqueur. Katniss Everdeen
48%
S Jeune femme à l'esprit rebelle et courageux, je passe mon temps à essayer d'échapper à des robots ayant une apparence humaine. Quand l'un d'eux, tout en muscles et en vêtements de cuir a frappé à ma porte en disant mon nom, j'ai su que j'étais dans le pétrin. Sarah Connor
47%
J Les croisières c'est sympathique, mais beaucoup moins quand le navire heurte un iceberg. Beau jeune homme épris d'une femme au nom de fleur, je suis persuadé que j'aurais pu m'en sortir : après tout, il y avait de la place pour deux sur ce radeau. Jack Dawson
44%
O Je ne suis pas un être humain mais un robot à la technologie très avancée. Mon apparence suggère que j'ai un faible pour les camions colorés aux motifs de flammes. Mes yeux sont bleus et ma voix est grave. Je suis le chef d'une équipe qui combat sans relâche pour protéger les humains d'une autre équipe de robots, peu agréables et avec des yeux rouges. Optimus Prime
43%
Q Personnage emblématique d'une série de films d'espionnage, je suis un expert en gadgets et technologies en tout genre. Travaillant pour le MI6, on me connaît sous l'apparence d'un homme âgé et doté d'un sens de l'humour très britannique. Q
34%
E En embarquant à bord d'un vaisseau, jamais je n'aurais cru devoir survivre à un monstre qui bave souvent et qui fait littéralement exploser des poitrines avec ses larves. Une rencontre du troisième type qui n'a rien d'amical... Ellen Ripley
26%
I Homme intelligent et charismatique, j'ai eu de nombreux déboires avec des dinosaures ramenés à la vie. Malgré tout, j'ai de l'allure avec mon blouson en cuir et ma répartie, et beaucoup se souviennent que j'ai contemplé un gros tas d'excréments avec un air circonspect. Ian Malcolm
20%
C Agent du FBI, on m'a engagée pour interroger un meurtrier cannibale. Ce dernier a fini par s'attacher à moi au fil du temps. J'ai aussi appris qu'il adore déguster des foies avec des fèves au beurre et du chianti. Clarice Starling
18%
X Femme séduisante d'origine géorgienne, je fais partie des nombreux ennemis d'un célèbre agent secret au nom de code à trois chiffres. J'adore étrangler les hommes durant mes rapports intimes, il s'agit même de mon mode opératoire. Xenia Onatopp
3%
Aucun quiz correspondant
Distribution des résultats
% des personnes avec chaque résultat
Percentile par nombre de réponses
Votre historique - résultats
Vous n’avez pas pris ce quiz